| 000 | 00811nam a2200217Ia 4500 | ||
|---|---|---|---|
| 001 | 972 | ||
| 003 | GE_BSU | ||
| 008 | 181216s||||||||xx |||||||||||||| ||und|| | ||
| 040 | _cGE_BSU | ||
| 080 | _a159.9:616.8 | ||
| 245 | _aЛобные люди и регуляция психических процессов.Неиропсихологические исследования | ||
| 245 | _cПод ред. А.Р.Лурия и Е.Д. Хомкой | ||
| 260 | _aМосква | ||
| 260 | _bМосковский ун-т | ||
| 260 | _c1966 | ||
| 300 | _a739стр. | ||
| 541 | _h20л. | ||
| 653 | _aЛобные люди и регуляция психических процессов.Неиропсихологические исследования | ||
| 653 | _aფსიქოლოგია | ||
| 942 | _cBK | ||
| 999 |
_c35131 _d35131 |
||